| 000 | 00760cam a2200217 a 4500 | ||
|---|---|---|---|
| 020 | _a0026501023 (teacher's wraparound ed.) | ||
| 020 | _a002650099X (student text) | ||
| 040 | _cDLC | ||
| 082 | 0 | 0 | _a973 GLE 1992 A114 Or. |
| 100 | 1 | _aBragdon, Henry W. | |
| 245 | 1 | 0 | _aHistory of a free nation / |
| 250 | _aTeacher's wraparound ed. | ||
| 260 |
_aLake Forest, Ill. : _bGlencoe/Macmillan/McGraw-Hill, _cc1992. |
||
| 300 |
_a23, xxxiv, 1166 p. : _bcol. ill. ; _c29 cm. |
||
| 500 | _a"Portions of this book are adapted from 'History of a free people', 1981, and 'Heritage of freedom', 1985"--P. iv. | ||
| 700 | 1 | _aMcCutchen, Samuel Proctor, | |
| 700 | 1 | _aRitchie, Donald A., | |
| 700 | 1 | _aBragdon, Henry W. | |
| 700 | 1 | _aRitchie, Donald A., | |
| 942 | _cEK | ||
| 999 |
_c16738 _d16738 |
||